top 50 fnaf animatronics - Statistics

General Stats
  • This quiz has been taken 41 times
  • The average score is 37 of 50
Answer Stats
Hint Answer % Correct
First Appearance FNAF 1 Bonnie
100%
First Appearance: FNAF 1 Chica
100%
First Appearance FNAF 1 Foxy
97%
First Appearance FNAF 1 Golden Freddy
97%
First Appearance: FNAF 4 Nightmare
97%
First Appearance FNAF 3 Springtrap
97%
First Appearance FNAF 1 Freddy Fazbear
94%
First Appearance: FNAF 2 Toy Chica
94%
First Appearance: Sister Location Circus Baby
91%
First Appearance: FNAF 2 Mangle
91%
First Appearance: FNAF 4 Nightmare Freddy
91%
First Appearance: FNAF 2 Toy Bonnie
91%
First Appearance: FNAF 2 Withered Bonnie
91%
First Appearance: FNAF 4 Nightmare Chica
89%
First Appearance FNAF 2 Puppet
89%
First Appearance: FNAF 2 Withered Chica
89%
First Appearance: Sister Location Ennard
86%
First Appearance: Sister Location Funtime Freddy
86%
First Appearance: FNAF 4 Nightmare Foxy
86%
First Appearance: FNAF 2 Toy Freddy
86%
First Appearance: FNAF 2 Withered Freddy
86%
First Appearance: Sister Location Funtime Foxy
83%
First Appearance: Security Breach Glamrock Freddy
83%
First Appearance: FNAF 4 Nightmare Bonnie
83%
First Appearance: FNAF 4 Nightmare Fredbear
83%
First Appearance: FNAF 2 Withered Foxy
83%
First Appearance: FNAF 2. Balloon Boy
80%
First Appearance: Sister Location Ballora
80%
First Appearance: FNAF 4 Nightmarionne
77%
First Appearance: Pizza Sim Lefty
74%
First Appearance: FNAF 2 Shadow Bonnie
71%
First Appearance: Security Breach Montgomery Gator
69%
First Appearance FNAF 4 Plushtrap
69%
First Appearance: Security Breach Roxanne Wolf
69%
First Appearance: Pizza Sim Molten Freddy
66%
First Appearance: Pizza Sim Scrap Baby
63%
First Appearance: Pizza Sim Scraptrap
63%
First Appearance: FNAF 4 Nightmare Mangle
57%
First Appearance: FNAF 3 Phantom Foxy
57%
First Appearance: Help Wanted Glitchtrap
54%
First Appearance: Pizza Sim Rockstar Freddy
54%
First Appearance: Security Breach Moon
49%
First Appearance: Pizza Sim Rockstar Bonnie
49%
First Appearance: Ruin The Mimic
46%
First Appearance: Security Breach Burntrap
43%
First Appearance: Security Breach Dj Music Man
43%
First Appearance: Help Wanted Dreadbear
40%
First Appearance: Pizza Sim Helpy
40%
First Appearance: Help Wanted Grimm Foxy
34%
First Appearance: Pizza Sim Pigpatch
29%
No matching quizzes found
Score Distribution
Percent of People with Each Score
Percentile by Number Answered
Your Score History
You have not taken this quiz